Иностранные языки в школе (Запись № 2163756)
[ простой вид ]
| 000 -МАРКЕР | |
|---|---|
| контрольное поле | 07809nas1a22012731i 4500 |
| 001 - ИДЕНТИФИКАТОР ЗАПИСИ | |
| контрольное поле | RU\NLR\INFOCOMM7\1000008774 |
| 005 - ИДЕНТИФИКАТОР ВЕРСИИ | |
| контрольное поле | 20260408083619.0 |
| 011 ## - МЕЖДУНАРОДНЫЙ СТАНДАРТНЫЙ НОМЕР СЕРИАЛЬНОГО ИЗДАНИЯ (ISSN) | |
| Номер (ISSN) | 0130-6073 |
| 035 ## - ДРУГИЕ СИСТЕМНЫЕ НОМЕРА | |
| Идентификатор записи | (NLR Aleph) 002451054 |
| 100 ## - ДАННЫЕ ОБЩЕЙ ОБРАБОТКИ | |
| Данные общей обработки | 20040324a19489999|||y0rusy50 ca |
| 101 0# - ЯЗЫК РЕСУРСА | |
| Язык текста, звукозаписи и т.д. | русский |
| 102 ## - СТРАНА ПУБЛИКАЦИИ ИЛИ ПРОИЗВОДСТВА | |
| Страна публикации | Российская Федерация |
| 110 ## - ПОЛЕ КОДИРОВАННЫХ ДАННЫХ: ПРОДОЛЖАЮЩИЕСЯ РЕСУРСЫ | |
| Кодированные данные продолжающегося ресурса | azu||||0|y0 |
| 200 1# - ЗАГЛАВИЕ И СВЕДЕНИЯ ОБ ОТВЕТСТВЕННОСТИ | |
| Основное заглавие | Иностранные языки в школе |
| Первые сведения об ответственности | Ред. коллегия. Ред. Н.С.Чемоданов |
| Последующие сведения об ответственности | М-во прос. РСФСР |
| 210 ## - ПУБЛИКАЦИЯ, РАСПРОСТРАНЕНИЕ И ДР. | |
| Место издания, распространения и т.д. | М. |
| Имя издателя, распространителя и т. д. | Гос. учеб.-пед. изд-во М-ва прос. РСФСР |
| Дата издания, распространения и т.д. | 1948- |
| 300 ## - ОБЩИЕ ПРИМЕЧАНИЯ | |
| Текст примечания | С июля 1941 г. по 1947 г. журн. не издавался |
| 320 ## - ПРИМЕЧАНИЯ О НАЛИЧИИ В ДОКУМЕНТЕ БИБЛИОГРАФИИ / УКАЗАТЕЛЯ | |
| Текст примечания | Классифицированный указатель статей журнала ... за 1934-1940 г. / Грузинская И. (1941, № 1. - с. 74-83) |
| 421 #0 - ПРИЛОЖЕНИЕ | |
| Встроенное поле | 001RU\NLR\INFOCOMM15\5000340061 |
| -- | 2001#$aМетодическая мозаика |
| -- | 852##$aNLR$jП28/2015 |
| Системный номер (АБИС) связанной записи | 4157366 |
| Место публикации | М. |
| Дата публикации | 2003 - |
| Имя издателя, распространителя и т.д. | Б.и. |
| Сведения, относящиеся к заглавию | Прил. к журн. "Иностранные языки в школе" |
| Заглавие | Методическая мозаика |
| 430 #0 - ПРОДОЛЖЕН | |
| Встроенное поле | 001rc\2934477 |
| -- | 2001#$aИностранный язык в средней школе |
| Системный номер (АБИС) связанной записи | 6502803 |
| Место публикации | Москва |
| Дата публикации | 1934-1935 |
| Первые сведения об ответственности | Упр. нач. и средней школы Наркомпроса РСФСР |
| Имя издателя, распространителя и т.д. | Огиз. Гос. учеб.-педагогическое изд-во |
| Сведения, относящиеся к заглавию | Метод. сборник |
| Заглавие | Иностранный язык в средней школе |
| 430 #0 - ПРОДОЛЖЕН | |
| Встроенное поле | 001rc\2934478 |
| -- | 2001#$aИностранный язык в школе |
| Системный номер (АБИС) связанной записи | 6502812 |
| Место публикации | Москва |
| Дата публикации | 1936-1941 |
| Имя издателя, распространителя и т.д. | Гос. учеб.-пед. изд-во |
| Сведения, относящиеся к заглавию | Метод. журн. |
| Заглавие | Иностранный язык в школе |
| 531 ## - СОКРАЩЕННОЕ ЗАГЛАВИЕ (ПРОДОЛЖАЮЩИЕСЯ РЕСУРСЫ) | |
| Заглавие | ИЯ |
| Язык заглавия | русский |
| 702 #1 - ИМЯ ЛИЦА - ВТОРИЧНАЯ ОТВЕТСТВЕННОСТЬ | |
| Код отношения | Автор |
| Графика поля | Кириллица |
| Материалы, к которым относится поле | rus |
| Начальный элемент ввода | Чемоданов |
| Часть имени, кроме начального элемента ввода | Н. С. |
| Даты | 1903-1986 |
| Расширение инициалов личного имени | Николай Сергеевич |
| Системный номер авторитетной/нормативной записи | 253360 |
| Идентификатор авторитетной/нормативной записи | RU\NLR\AUTH\770253416 |
| 712 01 - НАИМЕНОВАНИЕ ОРГАНИЗАЦИИ - ВТОРИЧНАЯ ОТВЕТСТВЕННОСТЬ | |
| Код отношения | Прочие |
| Начальный элемент ввода | РСФСР |
| Структурное подразделение | Министерство народного образования |
| Идентификатор авторитетной/нормативной записи | RU\NLR\AUTH\8810143000 |
| Системный номер авторитетной/нормативной записи | 780608 |
| 712 01 - НАИМЕНОВАНИЕ ОРГАНИЗАЦИИ - ВТОРИЧНАЯ ОТВЕТСТВЕННОСТЬ | |
| Код отношения | Прочие |
| Начальный элемент ввода | РСФСР |
| Структурное подразделение | Главное управление школ |
| Идентификатор авторитетной/нормативной записи | RU\NLR\AUTH\8810169474 |
| Системный номер авторитетной/нормативной записи | 834769 |
| 712 01 - НАИМЕНОВАНИЕ ОРГАНИЗАЦИИ - ВТОРИЧНАЯ ОТВЕТСТВЕННОСТЬ | |
| Код отношения | Прочие |
| Начальный элемент ввода | Российская Федерация |
| Структурное подразделение | Министерство образования |
| Идентификатор авторитетной/нормативной записи | RU\NLR\AUTH\884572 |
| Системный номер авторитетной/нормативной записи | 280683 |
| 712 01 - НАИМЕНОВАНИЕ ОРГАНИЗАЦИИ - ВТОРИЧНАЯ ОТВЕТСТВЕННОСТЬ | |
| Код отношения | Прочие |
| Начальный элемент ввода | Российская Федерация |
| Структурное подразделение | Министерство общего и профессионального образования |
| Идентификатор авторитетной/нормативной записи | RU\NLR\AUTH\889946499 |
| Системный номер авторитетной/нормативной записи | 388575 |
| 801 #2 - ИСТОЧНИК ЗАПИСИ | |
| Страна | Российская Федерация |
| Организация | NLR |
| Дата составления | 20080202 |
| Источник данных | rusmarc |
| 801 #1 - ИСТОЧНИК ЗАПИСИ | |
| Страна | Российская Федерация |
| Организация | InfoComm |
| Дата составления | 20040324 |
| 801 #0 - ИСТОЧНИК ЗАПИСИ | |
| Страна | Российская Федерация |
| Организация | NLR |
| Правила каталогизации | PSBO |
| 852 ## - МЕСТОНАХОЖДЕНИЕ И ШИФР ХРАНЕНИЯ | |
| Идентификатор организации | NLR |
| Шифр хранения (Call Number) | П28/406 |
| Публикуемое примечание | с 1948 |
| 852 ## - МЕСТОНАХОЖДЕНИЕ И ШИФР ХРАНЕНИЯ | |
| Идентификатор организации | NLR |
| Шифр хранения (Call Number) | П28/124 |
| Публикуемое примечание | с 1934 по 1941 |
| 942 ## - ДОПОЛНИТЕЛЬНЫЕ ЭЛЕМЕНТЫ ЗАПИСИ (АБИС) | |
| Тип экземпляра АБИС | Журнал |
| 980 ## - КОЛЛЕКЦИЯ | |
| Название коллекции | Русская периодика |
Нет доступных экземпляров.